|
|
|
|
| LEADER |
00000ckm a2200000 a 4500 |
| 001 |
vtls001206588 |
| 003 |
SK-MaSNL |
| 005 |
20260331202744.0 |
| 007 |
kf co |
| 008 |
180703s1990 xo g 0kuslo |
| 015 |
|
|
|a SNBG1990
|
| 035 |
|
|
|a SNK000149658
|
| 040 |
|
|
|a SNK
|b slo
|c SNK
|e AACR2
|
| 041 |
0 |
|
|a slo
|
| 043 |
|
|
|a e-xo---
|
| 044 |
|
|
|a xo
|c SK
|
| 072 |
|
7 |
|a 913
|x Regionálna geografia
|2 konspekt
|
| 080 |
|
|
|a 913(437.6)
|2 2011
|
| 080 |
|
|
|a (084.121)
|2 2011
|
| 100 |
1 |
|
|a Vrbovský, František
|c (fotograf)
|4 pht
|9 283300
|
| 245 |
1 |
0 |
|a Bardejovské Kúpele
|h grafika
|b Liečebné domy Fontána a Helios : Kúpeľný dom : Liečebný dom Alžbeta
|c foto: F. Vrbovský, F. Maleček, Z. Zibrin, J. Šurkala ; grafický návrh: J. Býma
|
| 246 |
1 |
|
|i Názov na obrazovej časti:
|a Bardejovské Kúpele
|
| 260 |
|
|
|a Bratislava
|b ČSTK-Pressfoto
|c 1990
|e Skalica
|f Grafobal
|
| 300 |
|
|
|a 1 pohľadnica (4 čiastkové pohľady)
|b farebná
|c 11 x 15 cm
|
| 520 |
8 |
|
|a Zobrazenie:
|
| 651 |
|
7 |
|a Bardejovské Kúpele (Bardejov, Slovensko)
|2 SNKPHgeo
|9 187552
|
| 655 |
|
7 |
|a miestne pohľadnice
|2 SNKPH
|9 70510
|
| 700 |
1 |
|
|a Maleček, František,
|d 1926-
|4 pht
|9 61427
|
| 700 |
1 |
|
|a Zibrin, Zdeno
|c (fotograf)
|4 pht
|9 283305
|
| 700 |
1 |
|
|a Šurkala, Jaroslav,
|d 1938-
|4 pht
|9 7285
|
| 700 |
1 |
|
|a Býma, J.
|c (grafik)
|4 art
|9 283282
|
| 958 |
|
|
|a GBN
|
| 958 |
|
|
|a GC
|
| 958 |
|
|
|a OND
|
| 999 |
|
|
|c 1125639
|d 1127569
|
| 952 |
|
|
|a SNK
|b SNK
|y PREZ
|7 0
|p 17A1280882
|o snkSP 142251
|i snk1989/90
|0 0
|1 0
|4 0
|d 2021-08-13
|l 0
|r 2026-02-24 18:44:56
|w 2026-02-24
|
| 952 |
|
|
|a SNK
|b SNK
|y PREZ
|7 0
|p 17A1280883
|o snkSP 142251 D1
|i snk1990/90
|0 0
|1 0
|4 0
|d 2021-08-13
|l 0
|r 2026-02-24 18:44:56
|w 2026-02-24
|